000 00671nam a2200289Ia 4500
005 20260324150917.0
008 008 260324s9999 xx 000 0 eng d
020 _a9781315643144
037 _aEBOOK
040 _aCRL
040 _beng
040 _cCRL
041 _2eng
041 _aeng
084 _qCRL
100 _aA.W. Kirkaldy
_91228056
245 4 _aThe Romance of Trade
245 2 _bA Survey Commercial and Economic
260 _bTaylor and Francis
260 _c1929
365 _a
365 _b220
856 _uhttp://www.taylorfrancis.com/books/9781315643144
942 _cEBOOK
999 _c1838300
_d1838300